00846nam a2200157 4500008004100000082001700041245025800058260008400316300003300400650003300433650002700466856007600493942000700569952009700576999001500673240624b |||||||| |||| 00| 0 eng d a363.349bPRO aProtection of internally displaced persons in situations of natural disaster:ba working visit to Asia by the representative of the United Nations Secretary-General on the human rights of internally displaced persons Walter Kalin 27 Feb. to 5 March 2005 aGeneva:bOffice of the United Nations High Commissioner for human rights,c2005 a31 p.bbibliography included aINTERNALLY DISPLACED PERSONS aNatural disasters-IDPs uhttps://www.brookings.edu/wp-content/uploads/2016/06/200504_tsunami.pdf cRP 00102ddc4070aMAINbMAINd2024-06-24l0o363.349 PROpRAF5319r2024-06-24w2024-06-24yRP c4941d4941